<?xml version="1.0" encoding="UTF-8"?><?xml-stylesheet type="text/xsl" href="static/style.xsl"?><OAI-PMH xmlns="http://www.openarchives.org/OAI/2.0/" xmlns:xsi="http://www.w3.org/2001/XMLSchema-instance" xsi:schemaLocation="http://www.openarchives.org/OAI/2.0/ http://www.openarchives.org/OAI/2.0/OAI-PMH.xsd"><responseDate>2026-04-14T08:55:38Z</responseDate><request verb="GetRecord" identifier="oai:www.recercat.cat:20.500.12327/5180" metadataPrefix="marc">https://recercat.cat/oai/request</request><GetRecord><record><header><identifier>oai:recercat.cat:20.500.12327/5180</identifier><datestamp>2026-03-27T14:47:26Z</datestamp><setSpec>com_2072_4428</setSpec><setSpec>com_2072_4427</setSpec><setSpec>col_2072_487898</setSpec></header><metadata><record xmlns="http://www.loc.gov/MARC21/slim" xmlns:dcterms="http://purl.org/dc/terms/" xmlns:xsi="http://www.w3.org/2001/XMLSchema-instance" xmlns:doc="http://www.lyncode.com/xoai" xsi:schemaLocation="http://www.loc.gov/MARC21/slim http://www.loc.gov/standards/marcxml/schema/MARC21slim.xsd">
   <leader>00925njm 22002777a 4500</leader>
   <datafield ind2=" " ind1=" " tag="042">
      <subfield code="a">dc</subfield>
   </datafield>
   <datafield ind2=" " ind1=" " tag="720">
      <subfield code="a">López-Moreno, Miguel</subfield>
      <subfield code="e">author</subfield>
   </datafield>
   <datafield ind2=" " ind1=" " tag="720">
      <subfield code="a">Marrero-Fernández, Paula</subfield>
      <subfield code="e">author</subfield>
   </datafield>
   <datafield ind2=" " ind1=" " tag="720">
      <subfield code="a">Galiana, Carla</subfield>
      <subfield code="e">author</subfield>
   </datafield>
   <datafield ind2=" " ind1=" " tag="720">
      <subfield code="a">Aguilar-Navarro, Millán</subfield>
      <subfield code="e">author</subfield>
   </datafield>
   <datafield ind2=" " ind1=" " tag="720">
      <subfield code="a">Muñoz, Alejandro</subfield>
      <subfield code="e">author</subfield>
   </datafield>
   <datafield ind2=" " ind1=" " tag="720">
      <subfield code="a">Gutiérrez-Hellín, Jorge</subfield>
      <subfield code="e">author</subfield>
   </datafield>
   <datafield ind2=" " ind1=" " tag="720">
      <subfield code="a">Fresán, Ujué</subfield>
      <subfield code="e">author</subfield>
   </datafield>
   <datafield ind2=" " ind1=" " tag="260">
      <subfield code="c">2026-03-17</subfield>
   </datafield>
   <datafield ind2=" " ind1=" " tag="520">
      <subfield code="a">Background&#xd;
Shifting dietary patterns toward more sustainable dietary practices is essential for addressing both chronic disease risk and environmental degradation. While the Mediterranean diet (MedDiet) is widely recognized for its health benefits, its environmental impact and cost may be higher than fully plant-based dietary patterns due to the inclusion of animal-derived foods. This secondary data analysis aimed to compare the environmental impacts and retail food costs of a traditional MedDiet and a vegan MedDiet, using dietary intake data from a controlled crossover trial.&#xd;
&#xd;
Methods&#xd;
In the OMNIVEG study, 14 healthy, physically active men followed a traditional MedDiet for 3 weeks and a vegan MedDiet for 4 weeks, with a 1-week washout. Environmental impacts were assessed using Life Cycle Assessment while food costs were calculated from national retail price data.&#xd;
&#xd;
Results&#xd;
The vegan MedDiet significantly reduced environmental impacts related to human health (− 54.5%), ecosystems (− 50.9%), and resource use (− 43.4%) compared to the traditional MedDiet (p &lt; 0.01). Retail food cost was also reduced by 16.3% (p &lt; 0.05). Differences were mainly attributable to the exclusion of animal-based foods; no significant differences in environmental impact were observed for shared food groups.&#xd;
&#xd;
Conclusions&#xd;
Replacing animal products with plant-based foods in a Mediterranean dietary framework can enhance environmental sustainability and reduce food costs. These findings support the promotion of whole plant-based diets as a viable strategy for sustainable and affordable nutrition.</subfield>
   </datafield>
   <datafield ind1="8" ind2=" " tag="024">
      <subfield code="a">1436-6207</subfield>
   </datafield>
   <datafield ind1="8" ind2=" " tag="024">
      <subfield code="a">https://hdl.handle.net/20.500.12327/5180</subfield>
   </datafield>
   <datafield ind1="8" ind2=" " tag="024">
      <subfield code="a">https://doi.org/10.1007/s00394-026-03939-3</subfield>
   </datafield>
   <datafield ind2="0" ind1="0" tag="245">
      <subfield code="a">Environmental and economic impact of a vegan versus traditional mediterranean diet: OMNIVEG study</subfield>
   </datafield>
</record></metadata></record></GetRecord></OAI-PMH>